000 04019nam0a2200397 4500
001 RU\NLR\BIBL_A\016243792
005 20230213124918.0
010 _a978-5-00078-634-5
_9100
021 _aRU
_bКН-П-22-084194
_9КН-П-22-7423
035 _a(NLR Aleph) 016243792
035 _a(RuMoRGB)011414274
090 _a12805762
_c12805762
100 _a20221221d2022 k y0rusy50 ca
101 0 _arus
102 _aRU
105 _ay|||z|||100zy
181 0 _ai
_baxxe
182 0 _an
200 1 _aНациональная безопасность в условиях глобализации: формы и средства реализации
_eстатьи I всероссийской научно-практической конференции с международным участием, 24 июня 2022 года, [Тамбов]
_fМинистерство науки и высшего образования Российской Федерации, Федеральное государственное бюджетное образовательное учреждение высшего образования "Тамбовский государственный университет имени Г. Р. Державина", Ассоциация юристов России, Тамбовское региональное отделение
_gпод редакцией кандидата юридических наук, доцента В. А. Шуняевой
203 _aТекст
_bвизуальный
_cнепосредственный
210 _aТамбов
_cДержавинский
_d2022
215 _a254 с.
_d21
320 _aБиблиогр. в подстроч. примеч.
330 _aВ статьях сборника рассматривается значение национальной безопасности для становления и развития гражданского общества, меры ее реализации и обеспечения, затрагиваются вопросы деятельности системы органов и учреждений, обеспечивающих безопасность, актуализируются проблемы различных сфер противодействия угрозам национальной безопасности. Статьи отражают результаты научной работы практических работников, преподавателей, аспирантов, магистрантов, студентов вузов России, представлены научные труды представителей из 7 городов России и ближнего зарубежья
606 1 _aНациональная безопасность
_yРоссийская Федерация
_jСъезды, совещания и т.п
_2nlr_sh1
_2nlr_sh2
_3RU\NLR\AUTH\66819711
606 1 _aНациональная безопасность
_xПравовое регулирование
_yРоссийская Федерация
_jСъезды, совещания и т.п
_2nlr_sh1
_2nlr_sh2
_3RU\NLR\AUTH\661343061
686 1 _aФ5(2)1я431
686 1 _aХ621.162я431
702 1 _aШуняева
_bВ. А.
_gВера Анатольевна
_4340
711 1 2 _a"Национальная безопасность в условиях глобализации: формы и средства реализации", всероссийская научно-практическая конференция с международным участием
_d1
_f2022
_eТамбов
_3RU\NLR\AUTH\880581159
712 0 2 _aТамбовский государственный университет им. Г. Р. Державина
_3RU\NLR\AUTH\889917219
_4570
942 _cBOOK
980 _aNB